Savior vivre international (Record no. 7969)

MARC details
000 -CABECERA
campo de control de longitud fija 00667nam a2200217 a 4500
001 - NÚMERO DE CONTROL
campo de control BRCA_8301
005 - FECHA Y HORA DE LA ÚLTIMA TRANSACCIÓN
campo de control 20190320210222.0
008 - DATOS DE LONGITUD FIJA--INFORMACIÓN GENERAL
campo de control de longitud fija 180614s1950----fr-a###f##---#000-0#fre-#
041 ## - CÓDIGO DE LENGUA
Código de lengua del texto/banda sonora o título independiente fre
044 ## - CÓDIGO DEL PAÍS DE LA ENTIDAD EDITORA/PRODUCTORA
Código MARC del país fr
050 #4 - SIGNATURA TOPOGRÁFICA DE LA BIBLIOTECA DEL CONGRESO
Número de clasificación GT150
Número de documento/Ítem .D3 1950
100 1# - ENTRADA PRINCIPAL--NOMBRE DE PERSONA
Nombre de persona Daninos, Pierre
9 (RLIN) 9342
245 10 - MENCIÓN DE TÍTULO
Título Savior vivre international
Resto del título code de la susceptibilité et des bons usages à traves le monde
Mención de responsabilidad, etc. Pierre Daninos et Doré Ogrizek
260 ## - PUBLICACIÓN, DISTRIBUCIÓN, ETC.
Lugar de publicación, distribución, etc. Paris
Nombre del editor, distribuidor, etc. Ode le Monde en Coleurs
Fecha de publicación, distribución, etc. 1950
300 ## - DESCRIPCIÓN FÍSICA
Extensión 510 p.
Otras características físicas il.
Dimensiones 17 cm.
500 ## - NOTA GENERAL
Nota general S119
650 14 - PUNTO DE ACCESO ADICIONAL DE MATERIA--TÉRMINO DE MATERIA
Término de materia o nombre geográfico como elemento de entrada Usos y costumbres
Subdivisión de forma Manuales y guías
9 (RLIN) 20726
700 1# - PUNTO DE ACCESO ADICIONAL--NOMBRE DE PERSONA
Nombre de persona Ogrizek, Doré
Término indicativo de función/relación coaut.
9 (RLIN) 20502
902 ## - CATALOGADOR
Iniciales GFM
942 ## - ELEMENTOS DE PUNTO DE ACCESO ADICIONAL (KOHA)
Fuente del sistema de clasificación o colocación Library of Congress Classification
Tipo de ítem Koha Libros
Holdings
Estado de retiro Estado de pérdida Estado dañado No para préstamo Localización permanente Ubicación/localización actual Fecha de adquisición Número de inventario Total de préstamos Signatura topográfica completa Código de barras Fecha visto por última vez Precio válido a partir de Tipo de ítem Koha
El ejemplar forma parte de la colección y puede ser consultado según las políticas vigentes.       Biblioteca del Museo Franz Mayer (Rogerio Casas-Alatriste) Biblioteca del Museo Franz Mayer (Rogerio Casas-Alatriste) 18/06/2014 S119   GT150 .D3 1950 (S119) 8925 22/03/2019 22/03/2019 Libros